000 00421nam a2200181Ia 4500
001 23659
005 20260414150952.0
008 260414t2010||||xx |||||||||||||| ||spa||
041 _aESP
082 _a690
_bB16 V. 1
100 _aBailey, H.
_eAUT
245 0 _aCurso básico de construcción
_b
260 _c2010
300 _a140 páginas :
_c26 cm.
650 _a0
654 _aCIC
942 _cLIB
_dJUS
_fJUS
_2ddc
_n
999 _c23659
_d23659